|
|
|
|
| LEADER |
00000cam a2200000 4500 |
| 001 |
vtls012085800 |
| 003 |
SK-MaSNL |
| 005 |
20260301104608.0 |
| 008 |
220202s2022 xo g 000 0 slo |
| 015 |
|
|
|a SNBA2022/06
|
| 020 |
|
|
|a 9788022023511
|q (viazané)
|
| 040 |
|
|
|a SNK
|b slo
|c SNK
|e rda
|
| 041 |
1 |
|
|a slo
|h ger
|
| 044 |
|
|
|a xo
|c SK
|
| 072 |
|
7 |
|a 7.01/.09
|x Umenie
|2 konspekt
|
| 072 |
|
7 |
|a 159.96
|x Zvláštne duševné stavy a procesy
|2 konspekt
|
| 080 |
|
|
|a 7.01/.09
|2 2011
|
| 080 |
|
|
|a 7.01
|2 2001
|
| 080 |
|
|
|a 159.964.2
|2 2011
|
| 080 |
|
|
|a 159.96
|2 2011
|
| 080 |
|
|
|a (0:82-4)
|2 2011
|
| 080 |
|
|
|a (048.8)
|2 2011
|
| 100 |
1 |
|
|a Freud, Sigmund,
|d 1856-1939
|4 aut
|9 111775
|
| 245 |
1 |
0 |
|a Umenie a psychoanalýza
|c Sigmund Freud ; z nemeckých originálov vybral Milan Krankus ; preložili Milan Krankus a Jaroslava Seewaldová
|
| 264 |
|
1 |
|a Bratislava
|b Slovenský spisovateľ
|c [2022]
|
| 264 |
|
4 |
|c ©2022
|
| 300 |
|
|
|a 191 strán
|c 20 cm
|
| 336 |
|
|
|a text
|b txt
|2 rdacontent
|
| 337 |
|
|
|a bez média
|b n
|2 rdamedia
|
| 338 |
|
|
|a zväzok
|b nc
|2 rdacarrier
|
| 504 |
|
|
|a Obsahuje poznámky
|
| 650 |
0 |
7 |
|a umenie
|2 SNKPH
|9 1060
|
| 650 |
0 |
7 |
|a filozofia umenia
|2 SNKPH
|9 809
|
| 650 |
0 |
7 |
|a psychoanalýza
|2 SNKPH
|9 14021
|
| 650 |
0 |
7 |
|a Art
|2 SNKPH
|9 266209
|
| 650 |
0 |
7 |
|a Philosophy of art
|2 SNKPHeng
|9 280346
|
| 650 |
0 |
7 |
|a Psychoanalysis
|2 SNKPHeng
|9 313545
|
| 655 |
|
7 |
|a úvahy
|2 SNKPH
|9 29403
|
| 655 |
|
7 |
|a štúdie
|2 SNKPH
|9 57033
|
| 655 |
|
7 |
|a Essays
|2 SNKPHeng
|9 267540
|
| 655 |
|
7 |
|a Studies
|2 SNKPHeng
|9 265573
|
| 700 |
1 |
|
|a Krankus, Milan,
|d 1950-
|4 trl
|9 193817
|
| 700 |
1 |
|
|a Seewaldová, Jaroslava
|4 trl
|9 244389
|
| 852 |
|
|
|a Akadémia umení v Banskej Bystrici
|
| 919 |
|
|
|a 978-80-220-2351-1
|
| 954 |
|
|
|a odborná, vedecká literatúra cudzojazyčná (svetová)
|2 lita
|
| 958 |
|
|
|a OP
|
| 968 |
|
|
|b DT
|
| 999 |
|
|
|c 698549
|d 700479
|
| 952 |
|
|
|a SNK
|b SNK
|y PREZ
|7 0
|p 17A1480123
|o snkSC 196556
|i snk2022/3811
|8 0
|0 0
|1 0
|4 0
|d 2022-03-11
|f 1
|l 0
|r 2025-10-16 00:00:00
|w 2026-02-23
|
| 952 |
|
|
|a SNK
|b SNK
|y VYP
|7 0
|p 17A1480116
|o snkSC 196556 D1
|i snk2022/3812
|8 3
|g 8.71
|0 0
|1 0
|4 0
|d 2022-03-11
|l 0
|r 2026-02-23 20:49:17
|w 2026-02-23
|